000 00965cam a2200277 i 4500
003 GSU
005 20251113104442.0
008 220707s2023 caua b 001 0 eng
020 _a9781529795141 (paperback)
040 _beng
_erda
_cGSU
_dGSU
050 0 0 _aQP360
_bHIG
100 1 _aHiggs, Suzanne,
_eauthor.
245 1 0 _aBiological psychology /
_cSuzanne Higgs, Alison Cooper, Jonathan Lee.
250 _a3rd edition.
264 1 _aLos Angeles :
_bSAGE,
_c©2023.
300 _axvii, 610 pages :
_bcolour illustrations ;
_c26 cm.
336 _atext
_btxt
_2rdacontent
337 _aunmediated
_bn
_2rdamedia
338 _avolume
_bnc
_2rdacarrier
500 _a.
504 _aIncludes bibliographical references (pages 533-599) and index.
650 0 _aPsychobiology.
700 1 _aCooper, Alison
_c(Senior lecturer in neurobiology),
_eauthor.
700 1 _aLee, Jonathan
_c(Neuroscientist),
_eauthor.
942 _2lcc
_cBK
_e3rd edition
_hQP360
_kQP
_mHIG
_n0
999 _c2551
_d2551